Equipment Leasing (Record no. 258887)
[ view plain ]
| 000 -LEADER | |
|---|---|
| fixed length control field | 00462nam a22001817a 4500 |
| 003 - CONTROL NUMBER IDENTIFIER | |
| control field | OSt |
| 005 - DATE AND TIME OF LATEST TRANSACTION | |
| control field | 20230620120542.0 |
| 008 - FIXED-LENGTH DATA ELEMENTS--GENERAL INFORMATION | |
| fixed length control field | 200727b xxu||||| |||| 00| 0 eng d |
| 020 ## - INTERNATIONAL STANDARD BOOK NUMBER | |
| International Standard Book Number | 188324966X |
| 040 ## - CATALOGING SOURCE | |
| Transcribing agency | DLC |
| Language of cataloging | Eng |
| Description conventions | rda |
| 050 ## - LIBRARY OF CONGRESS CALL NUMBER | |
| Classification number | HD39.4 |
| Item number | .N48 2000 |
| 100 ## - MAIN ENTRY--PERSONAL NAME | |
| Personal name | Nevitt, Peter K. |
| 245 ## - TITLE STATEMENT | |
| Title | Equipment Leasing |
| 250 ## - EDITION STATEMENT | |
| Edition statement | Fourth Edition |
| 260 ## - PUBLICATION, DISTRIBUTION, ETC. (IMPRINT) | |
| Place of publication, distribution, etc | New York |
| Name of publisher, distributor, etc | Frank J.Fabozzi Associates |
| Date of publication, distribution, etc | 2000 |
| 300 ## - PHYSICAL DESCRIPTION | |
| Extent | viii,462p. |
| Other physical details | ill.; |
| 942 ## - ADDED ENTRY ELEMENTS (KOHA) | |
| Source of classification or shelving scheme | Library of Congress Classification |
| Koha item type | Long Loan Books |
| Withdrawn status | Lost status | Source of classification or shelving scheme | Damaged status | Not for loan | Collection code | Home library | Current library | Shelving location | Date acquired | Total Checkouts | Full call number | Barcode | Date last seen | Price effective from | Koha item type |
|---|---|---|---|---|---|---|---|---|---|---|---|---|---|---|---|
| Library of Congress Classification | Non-fiction | Rongo University Library | Rongo University Library | General Stacks | 27/07/2020 | HD39.4.N48 2000 | 201610465 | 27/07/2020 | 27/07/2020 | Long Loan Books |
